| 000 | 00791nam a22002537a 4500 | ||
|---|---|---|---|
| 005 | 20260225220536.0 | ||
| 008 | 240611s2001 gw ao||gr|||| 001 0 spa d | ||
| 020 | _a3-8228-0878-4 | ||
| 040 |
_aBPGM _bspa |
||
| 041 |
_aESPAÑOL _hGER |
||
| 082 | _a759.38 / N47 | ||
| 100 | _aNÉRET, GILLES | ||
| 245 | 0 |
_aTAMARA DE LEMPICKA : _b1898 - 1980 |
|
| 260 |
_aALEMANIA : _bTASCHEN , _c2001 . |
||
| 300 |
_a79 páginas ; _c18.7 x 22.9 cm |
||
| 336 |
_2rdacontent _atexto _btxt |
||
| 337 |
_2rdamedia _asin mediación _bn |
||
| 338 |
_2rdacarrier _avolumen _bnc |
||
| 650 | _aLAS ARTES, BELLAS ARTES Y ARTES DECORATIVAS | ||
| 650 | _aPINTURA Y PINTURAS | ||
| 650 | _aTRATAMENTO HISTÓRICO, GEOGRÁFICO, DE PERSONAS | ||
| 700 |
_aORDOÑEZ REY, MARIA _bTRADUCCIÓN |
||
| 942 |
_cGENERAL _2ddc |
||
| 999 |
_c40277 _d40277 |
||